00550nam a22002057a 450000500170000001000110001702000090002803500110003703700160004804000120006408200180007610000280009424500800012225000170020226000300021927000340024930000230028365000180030665000200032420170124110013.0 a527031 c6.00 a527031 bCen Lib/Ret aDPLbEN a346.0436bJHA aJhambvala, Noshirvan H. aThe transfer of property act :cby Noshirvan H. Jhambvalabact iv of 1882 / a13th rev. ed aBombay bC. Jamnadas & C. bBombay a146c, Press Street,  aiv, 154pc23cm(Hb) aProperty law  aLaw of transfer